LEADER 01358nam a2200289 i 4500 001 000000201920 003 CaOOAMICUS 005 20160607000000.0 008 160607n it u000 u ita u 013 $a180626 020 $a88-435-0977-X 040 $aSeMil$bita 100 1 $aPedretti, Carlo <1928-2018>.$0(OLS)http://semarc/name/92483 245 10$aLeonardo :$bstudi per il Cenacolo : dalla Biblioteca reale nel Castello di Windsor /$ccatalogo di Carlo Pedretti ; introduzione di Kenneth Clark. 260 $aMilano :$bElecta,$c[1983?] 260 $a[S.l.] :$bOlivetti,$c[1983?] 300 $a155 p. :$bill. ;$c26 cm. 500 $aMostra tenuta a Milano nel 1983. 650 4$aLeonardo : da Vinci <1452-1519> - Dipinti murali . Cenacolo.$0(OLS)http://semarc/subject/37941 700 1 $aClark, Kenneth.$0(OLS)http://semarc/name/49989 850 $aSeMil 852 $aSeMil$W1$xVenegono$y1$m5I XVI 49$j152446$B152446$CSeMilBibl$Z2$F211866 $81 961 $aOmaggio: Istituto San Vincenzo 996 $6020$a88-435-0977-X$9(OLS)http://semarc/number/194723 996 $6245$aLeonardo :$bstudi per il Cenacolo : dalla Biblioteca reale nel Castello di Windsor$9(OLS)http://semarc/title/292282 996 $6260$a[S.l.] :$bOlivetti$9(OLS)http://semarc/publisher/48101 996 $6260$aMilano :$bElecta$9(OLS)http://semarc/publisher/29711 LEADER 01411nam a2200241 i 4500 001 000000022148 003 CaOOAMICUS 005 20180830125445.0 008 180830s1975 it u000 u ita u 040 $aSeMil$bita 100 1 $aBoracco, Pier Luigi.$0(OLS)http://semarc/name/9915 245 13$aIl problema della "spiritualitā" cristiana nell'itinerario di una rivista (Vita cristiana. Rivista di ascetica e mistica) /$cCandidato: Pier Luigi Boracco ; Relatore: Prof. Giovanni Moioli. 260 $a[S.l. :$bs.n.,$c1975] 300 $a3 v. ;$c30 cm. 500 $aIn testa al front. : Facoltā Teologica Interregionale di Milano ; Tesi di Laurea in Teologia. - A pič del front. : Anno Accademico 1974/1975. 650 4$aTesi di laurea.$0(OLS)http://semarc/subject/1690 650 4$aCristianesimo - Spiritualitā.$0(OLS)http://semarc/subject/2807 700 1 $aMoioli, Giovanni,$d<1931-1984>.$0(OLS)http://semarc/name/511 774 0 $aBoracco, Pier Luigi$t[Vol. 1].$d[S.l. : s.n., 1975]$g1$w()182177 774 0 $aBoracco, Pier Luigi$t[Vol. 2].$d[S.l. : s.n., 1975]$g2$w()182179 774 0 $aBoracco, Pier Luigi$tDocumentazione (Note).$d[S.l. : s.n., 1975]$g3$w()182180 996 $6245$aIl problema della "spiritualitā" cristiana nell'itinerario di una rivista (Vita cristiana. Rivista di ascetica e mistica)$9(OLS)http://semarc/title/29469 996 $6260$a[S.l. :$bs.n.$9(OLS)http://semarc/publisher/31686